000 00620cam a22002171 4500
001 ne 68003566
003 DLC
005 20260227111847.0
008 840909s1898 le c 000 0 arao
010 _ane 68003566
035 _a(OCoLC)21641818
040 _aDLC
_cCU
_dDLC
042 _apremarc
050 0 0 _aPJ6161
_b.D8 1898
100 1 _aḌūmiṭ, Jabr.
245 1 0 _aKitāb falsafat al-balāghah,
_ctaʹlīf Jabr Ḍūmiṭ.
260 _aBaʻabdā,
_bal-Maṭbaʻah al-ʻUthmānīyah,
_c1898.
300 _a160 p.
_bport.
_c22 cm.
650 0 _aArabic language
_xRhetoric
740 0 _aFalsafat al-balāghah.
999 _c50796
_d50796